000 00433nam a2200133Ia 4500
008 220217s9999||||xx |||||||||||||| ||und||
020 _a9780070669086
082 _a005.133 BUY
100 _aBuyya, Rajkumar., Selvi, Thamarai, S and Chu Xingchen
_99738
245 0 _aObject oriented programming with java
260 _aMcgraw hill book company
_bNew Delhi
_c2015
300 _aXXIV, 649p.
_b895
650 _aPROGRAMMING LANGUAGE
999 _c187271
_d187271